000 00559nam a2200217Ia 4500
003 OSt
005 20220928140635.0
006 a|||||r|||| 00| 0
007 ta
008 220927b |||||||| |||| 00| 0 eng d
024 _a10309
037 _cTextual
040 _aSDCL
_cSDCL
_beng
041 _2eng
_aeng
082 _aO-,3M19,1:g, L7
100 _aKakar H S
_9496469
245 0 _aPersistent self
_b An approach to middlemarch.
260 _c1977
942 _hO-,3M19,1:g, L7
_cTEXL
_2CC
999 _c812831
_d812831